000 00520nam a2200157 i 4500
001 20425
003 ES-MaACL
005 20230906152312.0
007 t|
008 021112q19001999sp ||||1| spa d
100 1 _aAguilera Cerni, Vicente.
_918775
245 1 3 _aLa aventura creadora
_b: ensayos sobre algunos aspectos de la creación artística /
_cVicente Aguilera Cerni.
260 _aValencia :
_bFomento de Cultura,
_c19--? (
_fPascual Quiles)
300 _a147 p. ;
_c18 cm.
852 _aES-MaACL
_jC-14455
_bR.39347
999 _c20425
_d20425